De Bergson a Sto. Tomás de Aquino: Ensayos de metafísica y de moral
Đã lưu trong:
| Tác giả chính: | |
|---|---|
| Định dạng: | Sách |
| Ngôn ngữ: | Tiếng Tây Ban Nha |
| Được phát hành: |
Buenos Aires
Club de Lectores
1967
|
| Loạt: | Biblioteca Argentina de Filosofía
|
| Những chủ đề: | |
| Các nhãn: |
Thêm thẻ
Không có thẻ, Là người đầu tiên thẻ bản ghi này!
|
MARC
| LEADER | 00000cam a2200000 a 4500 | ||
|---|---|---|---|
| 001 | UCY5721 | ||
| 003 | CL-VaPUC | ||
| 008 | 950512e19670000AG |||||||||||||||||spa|d | ||
| 082 | 0 | 4 | |a 143 |b MAR |2 21 |
| 100 | |a Maritain, Jacques |e autor |9 255680 | ||
| 245 | 1 | 0 | |a De Bergson a Sto. Tomás de Aquino: Ensayos de metafísica y de moral |
| 300 | |a 251 p | ||
| 942 | |c BK | ||
| 945 | |d 19950512 00:00:00 |a cmena | ||
| 260 | |a Buenos Aires |b Club de Lectores |c 1967 | ||
| 600 | 0 | |a Bergson, Henri-Louis |9 318450 | |
| 600 | 0 | |a Tomás de Aquino |d 1220-1274 |c Santo |9 255832 | |
| 650 | 0 | |a Filosofía |9 223554 | |
| 650 | 0 | |a Metafísica |9 265649 | |
| 650 | 0 | |a Ética |9 255099 | |
| 650 | 0 | |a Libre albedrío |9 334583 | |
| 651 | 0 | |a Francia |9 255157 | |
| 583 | |a last modification |c 20150414 05:10:52 |k Rodrigo Vera | ||
| 490 | 0 | |a Biblioteca Argentina de Filosofía | |
| 999 | |c 233343 |d 233341 | ||
| 952 | |0 0 |1 0 |4 0 |6 143_000000000000000_MAR_1967 |7 0 |8 P |9 238796 |a BIBEDU |b BIBEDU |c BIBEDU_PB |d 2019-11-18 |i 1502077 |o 143 MAR 1967 |p 1502077 |r 2024-01-25 |w 2019-11-18 |y BK |k EDU | ||
| 952 | |0 0 |1 0 |4 0 |6 143_000000000000000_MAR_1967 |7 0 |8 P |9 238797 |a BIBEDU |b BIBEDU |c BIBEDU_PB |d 2019-11-18 |i 1566121 |o 143 MAR 1967 |p 1566121 |r 2024-01-25 |w 2019-11-18 |y BK |k FIL | ||
| 952 | |0 0 |1 0 |4 0 |6 143_000000000000000_MAR_1967 |7 0 |8 P |9 238798 |a BIBEDU |b BIBEDU |c BIBEDU_PB |d 2019-11-18 |i 1580086 |o 143 MAR 1967 |p 1580086 |r 2024-01-25 |w 2019-11-18 |y BK |k FIL | ||
| 952 | |0 0 |1 0 |3 erb |4 0 |6 143_000000000000000_MAR_1967 |7 0 |8 P |9 238799 |a BIBEDU |b BIBEDU |c BIBEDU_PB |e Villagrán Garnham, Jorge |i 5171040 |o 143 MAR 1967 |p 5171040 |r 2024-01-25 |w 2019-11-18 |y BK |z Catalogado en:20150423 |k FIL | ||